Beznadziejnie Narysowane Flagi Państw Świata #3 - Statystyki

Ogólne statystyki
  • Ten quiz został rozwiązany 57 razy
  • Średni wynik to 10 z 12
Statystyki odpowiedzi
Obrazkowy Odpowiedź % Poprawnych
Izrael
98%
Japonia
98%
Panama
96%
Australia
89%
Paragwaj
81%
Kambodża
77%
Lesotho
77%
Oman
77%
Timor Wschodni
74%
Antigua I Barbuda
68%
Wyspy Świętego Tomasza i Książęca
66%
Mauretania
64%
Nie znaleziono quizów pasujących do podanych kryteriów
Rozkład punktacji
Procent ludzi z każdym wynikiem
Percentyl według liczby udzielonych odpowiedzi
Twoja historia wyników
Nie rozwiązałeś tego quizu